LEADER 01265nam a2200253 i 4500 001 000000105196 003 CaOOAMICUS 005 20100226000000.0 008 100226s1981 it u000 u heb u 013 $a77385 040 $aSeMil$bita 240 00$aBhagavadg?t?.$0(OLS)http://semarc/title/152329 245 13$aLa Bhagavad-Gita :$bcosì com'é /$ccon testo sanscrito originale, translitterazione in caratteri romani, traduzione letterale, traduzione letteraria e spiegazione di A. C. Bhaktivedanta Swami Prabhupada. 260 $aFirenze :$bEdizioni Bhaktivedanta,$c1981. 300 $aLX, 853 p., [24] p. di tav. :$bill. color. ;$c22 cm. 490 0 $aI grandi classici dell'India ;$v1 500 $aIn appendice : Albero genealogico della dinastia Kuru. 650 4$aInduismo - Testi.$0(OLS)http://semarc/subject/2205 700 1 $aBhaktivedantasvami,$d<1896-1977>.$0(OLS)http://semarc/name/4540 830 2$aI grandi classici dell'India ;$v1.$0(OLS)http://semarc/title/13029 850 $aSeMil 852 $aSeMil$W1$xVenegono$y1$m2X II 202$j61457$B61457$CSeMilBibl$Z2$F70816 $81 996 $6245$aLa Bhagavad-Gita :$bcosì com'é$9(OLS)http://semarc/title/152330 996 $6260$aFirenze :$bEdizioni Bhaktivedanta$9(OLS)http://semarc/publisher/31683 LEADER 02765nam a2200337 4500 001 000000363682 003 CaOOAMICUS 005 20250724100831.0 008 250724s2019 gw a 100 u eng r 020 $a978-3-16-156708-7 040 $aSeMil$bita 111 2 $aLautenschlaeger Colloquium on law and lawlessness in early Judaism and christianity$c.$0(OLS)http://semarc/name/122468 245 10$aLaw and lawlessness in early Judaism and early christianity /$cedited by David Lincicum, Ruth Sheridan, and Charles Stang. 264 1$aTübingen :$bMohr Siebeck,$c2019. 300 $aX, 232 p. :$bill. ;$c25 cm 490 1 $aWissenschaftliche Untersuchungen zum Neuen Testament ;$v420 505 00$aContiene: Law and lawlessness in texts from Qumran / Lutz Doering -- Law and lawlessness in the Enoch literature / Grant Macaskill -- Paul: within Judaism, without law / Joshua D. Garroway -- Origen and Augustine on Paul and the law / Paula Fredriksen -- Weak and useless?: purity, the Mosaic Law, and perfection in Hebrews / David M. Moffitt -- Against the law: the Epistle of Barnabas and Torah polemic in early Christianity / David Lincicum -- The ancient church orders: early ecclesiastical law? / Paul F. Bradshaw -- Rabbis on gentile lawlessness: three midrashic moments / Steven D. Fraade -- Law Corpora compared: early collections of monastic rules and rabbinic literature / Michal Bar-Asher Siegal -- "By an immediate revelation ... by the voice of his own spirit to my soul": a perspective from reception history on the New Testament and Antinomianism / Christopher Rowland -- Law and liberty: circumcision discourse from Galatia to Germany / Michael Peppard 650 4$aLegge - Teologia.$0(OLS)http://semarc/subject/12364 650 4$aChiesa primitiva e delle origini - Legge.$0(OLS)http://semarc/subject/58322 650 4$aGiudaismo - Legge (religiosa).$0(OLS)http://semarc/subject/20062 650 4$aCristianesimo primitivo - Atti di congressi.$0(OLS)http://semarc/subject/58323 700 1 $aSheridan, Ruth,$d<1980- >.$0(OLS)http://semarc/name/122470 700 1 $aStang, Charles M.,$d<1974- >.$0(OLS)http://semarc/name/122469 700 1 $aLincicum, David,$d<1979- >.$0(OLS)http://semarc/name/122177 830 0$aWissenschaftliche Untersuchungen zum Neuen Testament ;$v420.$0(OLS)http://semarc/title/12092 850 $aSeMil 852 $aSeMil$W1$xVenegono$y1$m2XA C 420$j260216$B254549$CSeMilBibl$Z2$F254549 $81 996 $6020$a978-3-16-156708-7$9(OLS)http://semarc/number/303720 996 $6245$aLaw and lawlessness in early Judaism and early christianity$9(OLS)http://semarc/title/454984 996 $6264$aTübingen :$bMohr Siebeck$9(OLS)http://semarc/publisher/30329